Normal view
MARC view
- Hudson, John C.
Entry Personal Name
001 - CONTROL NUMBER
- control field: 94796
003 - CONTROL NUMBER IDENTIFIER
- control field: NUST
005 - DATE AND TIME OF LATEST TRANSACTION
- control field: 20220724180451.0
008 - FIXED-LENGTH DATA ELEMENTS
- fixed length control field: 220724|| aca||aabn | a|a d
040 ## - CATALOGING SOURCE
- Original cataloging agency: NUST
- Transcribing agency: NUST
100 ## - HEADING--PERSONAL NAME
- Personal name: Hudson, John C.
670 ## - SOURCE DATA FOUND
- Source citation: Work cat.: (NUST)0: Hudson, John C., author., Across this land :
